Obálka Náhled e-knihy:
PDF Epub
Pro půjčování e-knih musíte být přihlášeni.
Jak si půjčit online?

Vilma běží o život /

Příběh dívenky Vilmy, která má moc ráda zvířata, hlavně ta exotická, a má to štěstí, že je uvidí na vlastní oči v Africe, kde poběží závod pro záchranu deštného pralesa.

Uloženo v:
Série:Vilma, část 1
Hlavní autor: Pažoutová, Naďa, 1966- (Autor)
Korporativní autor: Tomski & Polanski (umělecká skupina) (Ilustrátor)
Médium: E-kniha
Jazyk:Czech
Vydáno: V Praze : Albatros, 2019
Vydání:1. vydání
Témata:
Příbuzné jednotky:Z cyklu:: Vilma
Tagy:
Žádné tagy
LEADER 02663nam a2200457 i 4500
001 311050
003 CZ PrSKC
005 20260601215658.0
007 ta
008 190507s2019 xr a c 000 j cze
015 |a cnb003096891 
020 |a 9788000054650  |q (vázáno) :  |c Kč 249,00 
035 |a (OCoLC)1104146091 
040 |a ABG001  |b cze  |d BOA001  |e rda 
072 7 |a 821.162.3-3  |x Česká próza  |2 Konspekt 
072 7 |a 821-93  |x Literatura pro děti a mládež (beletrie)  |2 Konspekt 
080 |a 821.162.3-32  |2 MRF 
080 |a 821-93  |2 MRF 
080 |a (0:82-32)  |2 MRF 
100 1 |a Pažoutová, Naďa,  |d 1966-  |7 xx0037405  |4 aut 
245 1 0 |a Vilma běží o život /  |c Naďa Pažoutová ; ilustrace Tomski & Polanski 
250 |a 1. vydání 
264 1 |a V Praze :  |b Albatros,  |c 2019 
300 |a 153 stran :  |b barevné ilustrace ;  |c 25 cm 
336 |a text  |b txt  |2 rdacontent 
337 |a bez média  |b n  |2 rdamedia 
338 |a svazek  |b nc  |2 rdacarrier 
520 2 |a Příběh dívenky Vilmy, která má moc ráda zvířata, hlavně ta exotická, a má to štěstí, že je uvidí na vlastní oči v Africe, kde poběží závod pro záchranu deštného pralesa.  |b Vilma běhá závody celkem běžně již od první třídy. Tentokrát však bude závodit v Africe za zachování domorodých kmenů a zvířat v deštném pralese. Vilma je tak natěšená na domorodce a exotickou faunu, že se zapomene a ztratí se uprostřed neprostupné džungle. Naštěstí ji najde domorodý chlapec a přesto, že každý mluví úplně jiným jazykem, poznává Vilma postupně způsob života domorodců, jejich úžasnou schopnost orientace v džungli a naprostý soulad s přírodou. Publikace vyšla jako oceněný rukopis literární soutěže Albatros na téma: "Když nemůžeš, přidej". 
521 8 |a Pro čtenáře od 9 let 
655 7 |a české příběhy  |7 fd133973  |2 czenas 
655 7 |a publikace pro děti  |7 fd133156  |2 czenas 
655 9 |a Czech stories  |2 eczenas 
655 9 |a children's literature  |2 eczenas 
710 2 |a Tomski & Polanski (umělecká skupina)  |7 xx0194132  |4 ill 
787 0 8 |i Z cyklu:  |t Vilma  |g 1 
900 |a ABA001  |b 21 
928 9 |a Albatros Media - Albatros 
044 |a xr 
910 |a RBIT002 
998 |d 185009  |a https://core.palmknihy.cz/api/books/185009/cover?sm57hd  |b https://core.palmknihy.cz/api/books/185009/cover/400?sm57hd  |c https://core.palmknihy.cz/api/books/185009/cover/50?sm57hd  |e 2029-12-31  |g 128  |i 9788000054650  |j https://core.palmknihy.cz/api/books/185009/preview.epub  |k https://core.palmknihy.cz/api/books/185009/preview.pdf  |l   |q 49  |r 1  |s https://www.palmknihy.cz/kniha/185009  |t ebook  |y 2019  |z 0 
999 |d 311048